MARC

LEADER 00000nam0a2200000 4500
001 345333
005 20231102005749.0
035 |a (RuTPU)RU\TPU\book\377170 
035 |a RU\TPU\book\375471 
090 |a 345333 
100 |a 20201106d2020 km y0rusy50 ca 
101 0 |a rus 
102 |a RU 
105 |a a iz 001zy 
200 1 |a Годовой отчет ПАО "Газпром" за 2019 год  |f Газпром 
210 |a Москва  |c Газпром  |d 2020 
215 |a 243 с.  |c ил. 
225 1 |a Эффективное развитие 
320 |a Глоссарий : с. 238-242 
606 1 |a Газпром  |2 stltpush  |3 (RuTPU)RU\TPU\subj\64473  |9 81366 
610 1 |a газовая промышленность 
610 1 |a предприятия 
610 1 |a годовые отчеты 
610 1 |a итоги 
610 1 |a социальная политика 
610 1 |a окружающая среда 
610 1 |a акционеры 
610 1 |a инвесторы 
610 1 |a экология 
610 1 |a экономика 
610 1 |a инновационная деятельность 
610 1 |a социальная ответственность 
610 1 |a экологическая ответственность 
610 1 |a корпоративное управление 
610 1 |a управление рисками 
610 1 |a статистические показатели 
610 1 |a экономические показатели 
610 1 |a стратегии развития 
675 |a 622.324.012:658  |v 4 
712 0 2 |a Газпром  |c Открытое Акционерное Общество  |c (Москва)  |2 stltpush  |3 (RuTPU)RU\TPU\col\11 
801 1 |a RU  |b 63413507  |c 20060919  |g PSBO 
801 2 |a RU  |b 63413507  |c 20201209  |g PSBO 
942 |c BK